| 000 | 00505nam a22002057a 4500 | ||
|---|---|---|---|
| 003 | bpm | ||
| 005 | 20260415095917.0 | ||
| 008 | 260415b |||||||| |||| 00| p spa d | ||
| 022 | _a9561314112 | ||
| 024 | _aS. C. C. / M. C. y E. M.: | ||
| 040 | _aAR-CtUCP | ||
| 041 | _aspa | ||
| 080 | _aCDU | ||
| 100 | _aNeruda Pablo | ||
| 245 | _aVeinte poemas de amor y una canción desesperada | ||
| 260 |
_aChile _bAndrés Bello _c1997 |
||
| 650 | _aLiteratura - Poesía | ||
| 942 | _cLIB | ||
| 999 |
_c76643 _d76643 |
||